01087 2200397 4500001002100000005001500021035002500036008004100061020002200102040001700124082001400141084001600155090002000171090002200191100002900213245006600242250001100308260004300319300004400362650002100406850001200427007000300439504003300442999002200475990002200497990001700519990001700536990001700553990001700570990001700587990001700604990001700621990001700638990001700655990001700672INLIS00000000001637620200522114147 a0010-011600000000467160121s2015 yoi g ind d a978-602-1107-53-9 aYOPDYOGbind04222a641.5 a641.5 DIN d aDEP 641.5 DIN d aCB-D.11 2015-10690 aDini Nuris Nurainid198300aDiet sehat dengan terapi garam /cpenulis, Dini Nuris Nuraini aCet. 13 aYogyakarta :bGosyen Publishing,c2015 aviii, 151 halaman :bilustrasi ;c20 cm 4aDiet bebas garam aYOPDYOGta aBibliografi: halaman 141-151 aCB-D.11/2015-1069 aCB-D.11/2015-1069 a5179-KS/B.16 a5180-KS/B.16 a5181-KS/B.16 a5182-KS/B.16 a5183-KS/B.16 a5184-KS/B.16 a5185-KS/B.16 a5186-KS/B.16 a5187-KS/B.16 a5188-KS/B.16